000 00988cam a2200301 a 4500
999 _c8835
_d8835
001 3545012
003 GBCCL
005 20241126110659.0
008 971006s1998 miu b 000 0 eng
010 _a 97041096
020 _a9780825429477
020 _a0825431646 (pbk.)
040 _aDLC
_cDLC
_dDLC
050 0 0 _aBV660.2
_b.L86 1998
082 0 0 _a253
_221
_bLUT
100 1 _aLutzer, Erwin W.
_9214
245 1 0 _aPastor to pastor :
_btackling the problems of ministry /
_cErwin Lutzer.
250 _aRev. and expanded.
260 _aGrand Rapids, MI :
_bKregel Publications,
_cc1998.
300 _a126 p. ;
_c22 cm.
504 _aIncludes bibliographical references (p. 125-126).
650 0 _aClergy
_xOffice.
_9299
650 0 _aPastoral theology.
_9414
906 _a7
_bcbc
_corignew
_d1
_eocip
_f19
_gy-gencatlg
942 _2ddc
_cBK
_01